header

Beyond madness (Record no. 58023)

MARC details
000 -LEADER
fixed length control field 01481nam a22003494a 4500
082 04 - DEWEY DECIMAL CLASSIFICATION NUMBER
Classification number 616.89/1
245 00 - TITLE STATEMENT
Title Beyond madness
260 ## - PUBLICATION, DISTRIBUTION, ETC. (IMPRINT)
Place of publication London ;
-- Philadelphia, PA :
Name of publisher Jessica Kingsley Publishers,
Year of publication c2002.
300 ## - PHYSICAL DESCRIPTION
Number of Pages 288 p. :
Other physical details ill.
490 1# - SERIES STATEMENT
Series statement Therapeutic communities ;
650 #0 - SUBJECT ADDED ENTRY--TOPICAL TERM
Topical Term Crisis intervention (Mental health services)
Topical Term Psychoses
Topical Term Therapeutic communities
700 1# - ADDED ENTRY--PERSONAL NAME
Personal name Berke, Joseph H.
856 40 - ELECTRONIC LOCATION AND ACCESS
Uniform Resource Identifier http://site.ebrary.com/lib/rucke/Doc?id=10035654

No items available.

© 2026 Rongo University
Contact us: librarian | system librarian | Rongo university